000 00358nam a22001217a 4500
999 _c1660
_d1660
005 20200902150438.0
008 200902b ||||| |||| 00| 0 eng d
020 _a333157206
040 _cCML
245 _aPhysical Education in Secondary School.
_cKane, J.E.
260 _aLondon
_bMacmillan
_c1974
942 _2ddc
_cBK
_e1st Edition
_h613
_mKAN